Oracle 8i for linux starter kit (0 07 212442 3)

Αποθηκεύτηκε σε:
Λεπτομέρειες βιβλιογραφικής εγγραφής
Κύριος συγγραφέας: STeVE BOBROWSKI
Μορφή: Βιβλίο
Γλώσσα:Undetermined
Έκδοση: McGraw-Hill 2000
Ετικέτες: Προσθήκη ετικέτας
Δεν υπάρχουν, Καταχωρήστε ετικέτα πρώτοι!
Thư viện lưu trữ: Trung tâm Học liệu Trường Đại học Cần Thơ
LEADER 00424nam a2200145Ia 4500
001 CTU_49623
008 210402s9999 xx 000 0 und d
082 |a 005.7585 
082 |b B663 
100 |a STeVE BOBROWSKI 
245 0 |a Oracle 8i for linux starter kit (0 07 212442 3) 
245 0 |c STeVE BOBROWSKI, STAVE BOBROWSKI 
260 |b McGraw-Hill 
260 |c 2000 
980 |a Trung tâm Học liệu Trường Đại học Cần Thơ